Κατάλογος Βιβλιοθηκών Mediterranean College

Δελτίο Πληροφορίων Ειδικης Αγωγης / Σχολική και Κοινωνική Ενσωμάτωση (Record no. 2138)

MARC details
000 -LEADER
fixed length control field 01317cam a22001694a 4500
005 - ΗΜΕΡΟΜΗΝΙΑ ΚΑΙ ΩΡΑ ΤΕΛΕΥΤΑΙΑΣ ΕΝΗΜΕΡΩΣΗΣ
Πεδίο ελέγχου 20250605163319.0
008 - FIXED-LENGTH DATA ELEMENTS--GENERAL INFORMATION
Πεδίο ελέγχου σταθερού μήκους 250528s ||||||||||||||||||||||||d
035 ## - SYSTEM CONTROL NUMBER
System control number 16663
040 ## - ΠΗΓΗ ΚΑΤΑΛΟΓΟΓΡΑΦΗΣΗΣ
Φορέας πρωτότυπης καταλογογράφησης MC Athens Campus Library
Γλώσσα καταλογογράφησης Ελληνικά, Μοντέρνα (1453-)
Modifying agency MC Athens Campus Library
Κανόνες περιγραφικής καταλογογράφησης AACR2
245 1# - ΤΙΤΛΟΣ ΚΑΙ ΔΗΛΩΣΗ ΥΠΕΥΘΥΝΟΤΗΤΑΣ
Τίτλος Δελτίο Πληροφορίων Ειδικης Αγωγης / Σχολική και Κοινωνική Ενσωμάτωση
260 ## - PUBLICATION, DISTRIBUTION, ETC.
Name of publisher, distributor, etc. Οργανισμός Εκδόσεων Διδακτικών Βιβλίων
-- Υπουργείο Ενικής Παιδείας Και Θρησκευμάτων,
Date of publication, distribution, etc. 1994
300 ## - PHYSICAL DESCRIPTION
Extent 272
520 ## - SUMMARY, ETC.
Summary, etc. Αγωγή και Εκπαίδευση των Παιδιών με Ειδικές Ανάγκες στην Ελλάδα (1994), Αρμόδιες Υπηρεσίες, Νομοθεσία: (Σχετική με τον Τομέα της Ειδικής Αγωγής), Εγκύκλιοι για την Ειδική Αγωγή, Γνωειμία μ'έναν Τυφλό, Αναγνώριση Τίτλων Σπουδών Ειδικής Αγωγής, Σχολικές Μονάδες Ειδικής Αγωγής (ΣΜΕΑ), Σύλλογοι και Σωματεία για τ Άτομα με Ειδικές Ανάγκες, Special Education in Greece, Βιβλιογραφία Ειδικής Αγωγής.
942 ## - ADDED ENTRY ELEMENTS (KOHA)
Koha item type Books
Holdings
Τύπος τεκμηρίου Βιβλιοθήκη Τρέχουσα τοποθεσία Barcode Αριθμός εισαγωγής Ημερομηνία απόκτησης Ταξιθετικό σύμβολο Αριθμός αντιτύπου Κατάσταση απόσυρσης Κατάσταση χαμένου Κατάσταση κατεστραμμένου Μη δανεισμός Σύνολο δανεισμών Ημερομηνία τελευταίας εμφάνισης Η τιμή ισχύει από
Books MC Athens Campus Library MC Athens Campus Library 9780000021373 4864 05/06/2025 371.9 IEP 1           05/06/2025 05/06/2025

MC Athens Campus Library
Πατησίων 94 & Κοδριγκτώνος 13, 104 34
Πελλήνης 8 & Πατησίων 107, 112 51
Τ: +30 210 8899600

MC Thessaloniki Campus Library
Ίωνος Δραγούμη 21, 54625 | Ίωνος Δραγούμη 15, 54625
Τ: +30 2310 287779 – Τ: +30 2314 440300